Bilecik Bilecik Bilecik Bilecik Bilecik

Hakikat nedir? : (Record no. 15260)

MARC details
000 -BAŞLIK
Sabit Uzunluktaki Kontrol Alanı 01274nam a22003377a 4500
001 - KONTROL NUMARASI
Control Dosyası 0015297
003 - KONTROL NUMARASI KİMLİĞİ
Kontrol Alanı KOHA_MİRAKIL
005 - EN SON İŞLEM TARİHİ ve ZAMANI
Kontrol Alanı 20260207002024.0
007 - FİZİKSEL TANIM SABİT ALAN - GENEL BİLGİ
Sabit uzunluklu kontrol alanı ta
008 - SABİT UZUNLUKTAKİ VERİ ÖGELERİ - GENEL BİLGİ
Sabit Alan 100317b2004 tu |||gr||||#||||0|tur |
020 ## - ISBN - ULUSLARARASI STANDART KİTAP NUMARASI
Isbn 9759204320
040 ## - KATALOGLAMA KAYNAĞI
Özgün Kataloglama Kurumu TR-BiSEU
Kataloglama Dili tur
Çeviri Kurumu TR-BiSEU
Açıklama Kuralları rda
041 0# - DİL KODU
Metin ya da ses kaydının dil kodu tur
044 ## - YAYINLAYAN/ÜRETEN KURULUŞUN ÜLKE KODU
ISO country code tu
050 ## - SINIFLAMA ve YER NUMARASI
Sınıflama Numarası BD241
Yer Numarası .G33 2004
245 0# - ESER ADI BİLDİRİMİ
Başlık Hakikat nedir? :
Alt Eseradı vb. felsefi fragmanlar/
Sorumluluk Bildirimi Gadamer- Heidegger- Adorno- Dilthey ; derleyen ve çeviren Medeni Beyaztaş.
264 #1 - ÜRERİM, YAYIN, DAĞITIM ve TELİF BİLDİRİMİ
Yayın yeri İstanbul :
Yayınlayan Efkar Yayınları
Yayın tarihi 2004
300 ## - FİZİKSEL TANIMLAMA
Sayfa, Cilt vb. 123 sayfa; 21 cm.
336 ## - İÇERİK TÜRÜ
Content type term metin
Content type code txt
Source rdacontent
337 ## - MEDYA TÜRÜ
Media type term aracısız
Media type code n
Source rdamedia
338 ## - TAŞIYICI TÜRÜ
Carrier type term cilt
Carrier type code nc
Source rdacarrier
490 1# - DİZİ BİLDİRİMİ
Dizi Bildirimi Efkar yayınları.
490 1# - DİZİ BİLDİRİMİ
Dizi Bildirimi Felsefe dizisi ;
Cilt Numarası 2.
500 ## - GENEL NOT
Genel Not Hakikat nedir? / H.G. Gadamer-- Felsefe ne demektir. r M. Heidegger--Felsefenin bilimselliği hakkında / H.G. Gadamer-- Felsefi tesbitler /Adorno, T.W. -- Hermenötiğin doğuşu / W. Dilthey-- Bir pratik felsefe olarak hermenötik / H.G. Gadamer-- İnsan ve Dil / H.G. Gadamer
650 #0 - KONU BAŞLIĞI EK GİRİŞ - KONU TERİMİ
Konusal terim veya coğrafi ad Humanities--Methodology.
9 (RLIN) 35515
650 #0 - KONU BAŞLIĞI EK GİRİŞ - KONU TERİMİ
Konusal terim veya coğrafi ad Hermeneutics.
9 (RLIN) 34335
650 #0 - KONU BAŞLIĞI EK GİRİŞ - KONU TERİMİ
Konusal terim veya coğrafi ad Aesthetics.
9 (RLIN) 22588
830 1# - SERİ EK GİRİŞİ - TEKBİÇİM ESER ADI
Tekbiçim Başlık Efkar yayınları.
9 (RLIN) 35516
830 1# - SERİ EK GİRİŞİ - TEKBİÇİM ESER ADI
Tekbiçim Başlık Felsefe dizisi ;
Volume number/sequential designation 2.
9 (RLIN) 7405
942 ## - EK GİRİŞ ÖGELERİ (KOHA)
Source of classification or shelving scheme Library of Congress Classification
Koha item type Book
Holdings
Materyal Türü Kalıcı Konum Mevcut Konum Raf Yeri Sınıflandırma Kaynağı Edinim Bilgisi Ana Konular Alt Konular Yer Numarası Demirbaş Numarası Fatura Tarihi Maliyet, Alış Fiyatı Maliyet, Yenileme Fiyatı Geri Çekilme Durumu Kayıp Durumu Hasarlı Durumu Kredi için değil Kayıt Tarih Toplam Ödünçverme Son Görülme Tarihi Son Kontrol Tarihi Genel / Bağış Notu
Book Prof. Dr. Azmi Özcan Kütüphanesi Prof. Dr. Azmi Özcan Kütüphanesi Uluğbey Salonu Library of Congress Classification Bağış FELSEFE, PSİKOLOJİ, DİN Spekülatif Felsefe BD241 .G33 2004 0015297 13/08/2010 8.00 8.00         17/03/2010 4 26/05/2025 26/05/2025 İSAM